|
|
|
|
| LEADER |
00935nam a22002417a 4500 |
| 001 |
15575 |
| 003 |
BD-DhAAL |
| 005 |
20160421095607.0 |
| 008 |
160114s2006 ii a|||| b||| 00| 0 eng d |
| 020 |
|
|
|a 929022286
|
| 040 |
|
|
|a BD-DhAAL
|c BD-DhAAL
|
| 082 |
|
|
|2 23
|a 362.1095492
|
| 245 |
|
|
|a The role of education in the rational use of medicines
|
| 260 |
|
|
|a New Delhi :
|b World Health Organization, Regional Office for South-East Asia,
|c 2006
|
| 300 |
|
|
|a xi, 88 p. :
|b ill. ;
|c 24 cm.
|
| 490 |
|
|
|a SEARO Technical Publication Series, No. 45
|
| 541 |
|
|
|e 15575
|
| 650 |
|
|
|a Public health
|z Bangladesh
|9 17365
|
| 710 |
|
|
|a World Health Organization
|b Regional Office for South-East Asia
|9 17366
|
| 852 |
|
|
|a Ayesha Abed Library
|c General Stacks
|
| 942 |
|
|
|2 ddc
|c BK
|
| 999 |
|
|
|c 36612
|d 36612
|
| 952 |
|
|
|0 0
|1 0
|2 ddc
|4 0
|6 362_109549200000000_ROL
|7 0
|9 57603
|a BRACUL
|b BRACUL
|c GEN
|d 2016-01-14
|l 0
|o 362.1095492 ROL
|p 3010015575
|r 2016-01-14
|t 1
|w 2016-01-14
|y BK
|